00389nam a2200169Ia 4500001000700000003000500007008004100012010001100053040000900064082001300073100002200086245004100108260003300149300001100182503001100193650001500204Z_2544CHAP220113s1982 xx 000 0 und d a165603 cCHAP a574.5 M3 aMargalef, Ramón aEcología /cpor Ramón Margalef aBarcelona :bPlaneta,c1982 a252 p. a123948 aEcología